Mots: nourriture en C (EN --> FR) - Statistiques

Statistiques générales
  • Ce quiz a été pris 74 fois
  • Le résultat moyen est 17 sur 23
Statistiques - réponses
Hint Réponse % Correct
Carrot Carotte
97%
Coffee Café
94%
Celery Céleri
94%
Cereal Céréales
94%
Cherry Cerise
94%
Chips Chips
94%
Chocolate Chocolat
94%
Cucumber Concombre
94%
Cream Crème
94%
Lemon Citron
92%
Clementine Clémentine
92%
Pumpkin Citrouille
84%
Mushroom Champignon
81%
Cocoa Cacao
80%
Ice cream Crème glacée
77%
Pickle Cornichon
67%
Jam Confiture
66%
Cinnamon Cannelle
64%
Cauliflower Chou fleur
61%
Shrimp Crevette
59%
Cabbage Chou
38%
Apple sauce Compote de pomme
17%
Squash Courge
8%
Aucun quiz correspondant
Distribution des résultats
% des personnes avec chaque résultat
Percentile par nombre de réponses
Votre historique - résultats
Vous n’avez pas pris ce quiz